| 000 | 00456nam a22001697a 4500 | ||
|---|---|---|---|
| 999 |
_c1171 _d1171 |
||
| 003 | OSt | ||
| 005 | 20180908110119.0 | ||
| 008 | 180908b ||||| |||| 00| 0 eng d | ||
| 040 | _cDLC | ||
| 082 |
_a248 _bL477T |
||
| 100 | _aLee, Frederick George, | ||
| 245 |
_aThought Of Peace/ _cBy Frederick Lee |
||
| 260 |
_aWashington, D.C. USA : _bHerald Publishing Association, _cc1950. |
||
| 300 | _a64 p.: | ||
| 650 | _aPeace - Religious Aspect | ||
| 942 |
_2ddc _cBK |
||